| 000 | 00422nam a22001697a 4500 | ||
|---|---|---|---|
| 999 |
_c329999 _d329999 |
||
| 003 | NUST | ||
| 005 | 20170615100400.0 | ||
| 008 | 151002b xxu||||| |||| 00| 0 eng d | ||
| 020 | _a- | ||
| 040 | _cNUST | ||
| 082 |
_a891.4393 _bKRI |
||
| 100 |
_912249 _aChander, Krishan |
||
| 245 |
_aAfsany Kirshan Chander _cby Krishan Chander compiled by M Sarwer |
||
| 260 |
_cLahore: _aBook home, _b2012 |
||
| 300 | _a352 p. | ||
| 500 | _aAfsany | ||
| 546 | _aIn Urdu | ||
| 650 |
_912251 _aUrdu Literature _xGeneral |
||
| 880 |
_6100-01\(3\r _aکرشن چندر |
||
| 880 |
_6245-02\(3\r _aافسانے کرشن چندر _cکرشن چندر، ترتیب نو: ایم سرور |
||
| 880 |
_6260-03\(3\r _aلاہور: _bبک ہوم، _c2012 |
||
| 942 |
_2ddc _cBK |
||